| 000 | 01110cab a2200409 4500 | ||
|---|---|---|---|
| 001 | ABS55144 | ||
| 008 | 090401t1996 xxu||||| |||| 00| 0 eng d | ||
| 035 | _a(Sirsi) u14501 | ||
| 041 | _aeng | ||
| 245 | _aEstates Times survey: West Midlands | ||
| 260 | _c1996 | ||
| 350 | _a0 | ||
| 490 |
_aEstates Times _v(1324) 10 May 1996, 9-29(21) |
||
| 650 | _aBIRMINGHAM | ||
| 650 | _aBLACK COUNTRY | ||
| 650 | _aCAR INDUSTRY | ||
| 650 | _aCENTRO PUBLIC TRANSPORT SCHEME | ||
| 650 | _aCOVENTRY BUSINESS PARK | ||
| 650 | _aCOVENTRY | ||
| 650 | _aCROSS POINT BUSINESS PARK | ||
| 650 | _aDUDLEY | ||
| 650 | _aFORT DUNLOP RETAIL PARK | ||
| 650 | _aJAGUAR | ||
| 650 | _aLEISURE DEVELOPMENT | ||
| 650 | _aMERRY HILL SHOPPING CENTRE | ||
| 650 | _aMIDDLEMARCH BUSINESS PARK | ||
| 650 | _aOFFICE DEVELOPMENT | ||
| 650 | _aRETAIL DEVELOPMENT | ||
| 650 | _aSOLIHULL | ||
| 650 | _aURBAN REGENERATION | ||
| 650 | _aWAREHOUSING | ||
| 650 | _aWEST MIDLANDS | ||
| 650 | _aWOLVERHAMPTON | ||
| 690 | _aPROPERTY-COMMERCIAL PROPERTY-COMMERCIAL PROPERTY MARKET | ||
| 942 | _n0 | ||
| 948 | _c04/03/1997 | ||
| 999 |
_c9454 _d9454 |
||